000 00214nam a2200097Ia 4500
008 190216s9999||||xx |||||||||||||| ||und||
100 _aKrishnan Nair
245 0 _aOrmayude Nizhalukal
260 _bNull
942 _cBK
999 _c25010
_d25010